Ciudades argentinas por fundación - Estadísticas

Estadísticas generales
  • Esta prueba ha sido intentada 146 veces
  • La puntuación promedio es 7 de 12
Estadísticas de respuestas
Fundación Fundador Nombre Original % Correcto
1565 Diego de Villarroel San Miguel de {Tucumán}
96%
1583 Francisco de Argañarás y Murguía San Salvador de {Jujuy}
90%
1683 Fernando de Mendoza y Mate de Luna San Fernando del Valle de {Catamarca}
81%
1580 Juan de Garay Puerto de Santa María de los {Buenos Ayres}
73%
1573 Juan de Garay {Santa Fe} de la Vera Cruz
68%
1573 Jerónimo Luis de Cabrera {Córdoba} de la Nueva Andalucía
56%
1582 Hernando de Lerma Ciudad de San Felipe y Santiago del Lerma en el valle de {Salta}
52%
1588 Juan Torres de Vera y Aragón San Juan de la Vera de las Siete {Corrientes}
34%
1591 Juan Ramírez de Velazco Ciudad de Todos los Santos de {la} Nueva {Rioja}
32%
1561 Pedro del Castillo Ciudad de {Mendoza} del Nuevo Valle de La Rioja
28%
1562 Juan Jufré y Montesa {San Juan} de la Frontera
27%
1892 Tomás Mason {Santa Rosa} del Toay
22%
No se encontraron pruebas coincidentes
Distribución de puntuación
Porcentaje de gente con cada puntuación
Porcentaje por número respondido
Historial de tus puntuaciones
No has intentado esta prueba.